| 000 | 00400 a2200157 4500 | ||
|---|---|---|---|
| 001 | 49380 | ||
| 020 | _a | ||
| 040 | _cAnchieta - Bela Vista | ||
| 100 | _aFollador, Solange | ||
| 240 | 1 | 0 |
_aCosme, o afro baianinho em "ginga à bolonhesa". _lpor |
| 245 | 1 | 0 | _aCosme, o afro baianinho em "ginga à bolonhesa". |
| 300 | _a27 | ||
| 362 | 0 | _a2006 | |
| 650 | 4 | _aLiteratura infanto-juvenil | |
| 942 | _cBK | ||
| 999 |
_c49380 _d49380 |
||